00533nam a22001577a 4500008004100000020001500041050002200056100002400078245010400102250001200206260003600218300002700254500003400281650003700315700002300352160928b xxu||||| |||| 00| 0 eng d a0205350291 aLC 3981 .H34 2003 aHallahan, Daniel P. aExceptional Learners:bintroduction to special education/cDaniel P. Hallahan and James M. Kauffman a9th ed. aBoston:bAllyn and Bacon,c2003 axxxii, 591p. :bill. ; aIncludes references and index aSpecial educationzUnited States aKauffman, James M.